000 00835nas a2200289 4500
001 BR0807645
003 BR-BrBNA
005 20231205112727.0
007 ta
008 230509b bl.|||p| |||| 00| 00por d
040 _aBR-BrBNA
_bpor
_cBiblioteca Nacional de Agricultura
041 _a(Pt)
072 _aF01
100 1 _aRamos, N.P.
100 1 _aGalli, J.A.
100 1 _aAmorim, E.P.
100 1 _aSilva, M.R. da
100 1 _aMartins, A.L.M.
245 1 _aSemeadura do híbrido lyra de mamona (Ricinus communis L.)sob plantio direto
650 _aMAMONA
650 _aHÍBRIDO
650 _aSEMEADURA
650 _aRENDIMENTO
773 0 _tCiência e Agrotecnologia (Brazil)
_xISSN 1413-7054
_g(Mar-Apr 2008), v. 32(2) p. 481-486
_wBR0807645
909 _a202311
_bLúcia
_c55
_dLúcia Elande
942 _2AGRIS
_n0
_cANA
999 _c199621
_d199621